00318nam a22001217a 4500020001800000082002000018245006100038260003500099300001000134650002500144650001300169650001400182 a9789348132994 aM 001.42bASH/G aGaveshanam muthal gaveshanam vare/cby Ashok D'cruz(ed.) aKozhikode:bAtma books,c2024. a254p. aResearch Methodology aResearch aKnowledge